| 000 | 00000nam 2200000za 4500 |
| 001 | 9.675870 |
| 003 | CaOODSP |
| 005 | 20250509160247 |
| 007 | cr ||||||||||| |
| 008 | 150407|2012||||xxc|||||o f|0| 0 spa d |
| 020 | |a978-0-662-03734-7 |
| 040 | |aCaOODSP|bfre |
| 043 | |an-cn--- |
| 086 | 1 |aT29-45/1-2011Spa-PDF|zT29-45/1-2011Sp-PDF |
| 110 | 1 |aCanada. |bTransports Canada. |
| 245 | 10|aPrincipaux ports de marchandises diverses de la Porte canadienne de l'Atlantique |h[ressource électronique] |
| 246 | 1 |aSu solución de transporte eficiente, confiable y segura |
| 250 | |a[Édition espagnol]. |
| 260 | |aOttawa - Ontario : |bTransports Canada |cc2011. |
| 300 | |a6p.|bcarte, photographies |
| 546 | |aTexte en espagnol. |
| 590 | |a13-22-Supp|b2013-09-26 |
| 791 | |tKey breakbulk ports of Canada's Atlantic Gateway |eeng|w(CaOODSP)9.675869 |
| 856 | 40|ahttp://publications.gc.ca|qPDF|s2.72 Mo|uhttps://publications.gc.ca/collections/collection_2013/tc/T29-45-1-2011-spa.pdf |
| 986 | |aTP 15164T |